Länder mit den meisten Muslimen(2023) - Statistiken

Allgemein
  • Dieses Quiz wurde 328 mal gespielt
    193 seit der letzten Aktualisierung
  • Das Durchschnittsergebnis liegt bei 17 aus 22
Antwortstatistiken
Anzahl Muslime Antwort % Korrekt
85.000.000 Iran 99%
94%
215.000.000 Pakistan 97%
94%
36.000.000 Irak 99%
93%
30.000.000 Saudi-Arabien 94%
93%
82.000.000 Türkei 98%
93%
190.000.000 Indien 15%
90%
37.000.000 Marokko 98%
87%
94.000.000 Ägypten 95%
86%
44.000.000 Algerien 100%
85%
230.000.000 Indonesien 85%
83%
38.000.000 Afghanistan 100%
82%
26.000.000 China 1,7%
78%
22.000.000 Niger 96%
76%
39.000.000 Sudan 89%
72%
114.000.000 Nigeria 50%
71%
29.000.000 Jemen 99%
65%
155.000.000 Bangladesch 91%
63%
17.800.000 Russland 12%
59%
19.000.000 Malaysia 60%
51%
18.000.000 Mali 88%
51%
40.000.000 Äthiopien 35%
47%
32.000.000 Usbekistan 95%
40%
Keine übereinstimmenden Quizze gefunden
Verteilung der Resultate
Anzahl Personen mit jedem Resultat
Perzentil nach korrekt beantworteten Fragen
Ihre Resultats-Entwicklung
Sie haben dieses Quiz seit der letzten Aktualisierung nicht gespielt